Income tax Vat & Service tax (Record no. 1781)

MARC details
000 -LEADER
fixed length control field 00426nam a22001697a 4500
005 - DATE AND TIME OF LATEST TRANSACTION
control field 20180319111749.0
008 - FIXED-LENGTH DATA ELEMENTS--GENERAL INFORMATION
fixed length control field 160526b xxu||||| |||| 00| 0 eng d
020 ## - INTERNATIONAL STANDARD BOOK NUMBER
ISBN 978-81-8159-482-0
041 ## - LANGUAGE CODE
Language code of text/sound track or separate title eng
082 ## - DEWEY DECIMAL CLASSIFICATION NUMBER
Item number 5096
Classification number 336.24
100 ## - MAIN ENTRY--AUTHOR NAME
Personal name Manoharan, T.N.
245 ## - TITLE STATEMENT
Title Income tax Vat & Service tax
260 ## - PUBLICATION, DISTRIBUTION, ETC. (IMPRINT)
Place of publication New Delhi
Name of publisher Academic Faundation
Year of publication 2009
300 ## - PHYSICAL DESCRIPTION
Number of Pages 804
650 ## - SUBJECT ADDED ENTRY--TOPICAL TERM
Topical Term Management
942 ## - ADDED ENTRY ELEMENTS (KOHA)
Koha item type Books
Holdings
Lost status Damaged status Collection code Home library Shelving location Date acquired Cost, normal purchase price Full call number Accession Number Koha item type
    LAW JRU Library SHELF-32-F 26/05/2016 475.00 336.24 5096 Books
    LAW JRU Library SHELF-32-F 26/05/2016 475.00 336.24 5097 Books
    LAW JRU Library SHELF-32-F 26/05/2016 475.00 336.24 5098 Books